|
|
|
|
| LEADER |
01285nam a2200301 u 4500 |
| 001 |
10045023 |
| 003 |
upatras |
| 005 |
20210117200138.0 |
| 008 |
021204s2001 uk eng |
| 020 |
|
|
|a 0471496081
|
| 040 |
|
|
|a GR-PaULI
|c GR-PaULI
|
| 041 |
0 |
|
|a eng
|
| 082 |
0 |
4 |
|a 720.47
|
| 245 |
1 |
0 |
|a Tropical architecture
|b critical regionalism in the age of globalization
|c edited by Alexander Tzonis, Liane Lefaivre and Bruno Stagno
|
| 260 |
|
|
|a London
|b Wiley-Academy
|c 2001
|
| 300 |
|
|
|a vii, 311 p.
|b fig.
|c 25 cm.
|
| 504 |
|
|
|a Includes index
|
| 650 |
|
4 |
|a Αρχιτεκτονική
|x Περιβαλλοντικές απόψεις
|9 6668
|
| 650 |
|
4 |
|a Αρχιτεκτονική και κοινωνία
|9 6538
|
| 650 |
|
4 |
|a Αρχιτεκτονική
|y 20ός αιώνας
|9 6376
|
| 700 |
1 |
|
|a Τζώνης, Αλέξανδρος
|4 edt
|9 6735
|
| 700 |
1 |
|
|a Lefaivre, Liane
|4 edt
|9 6736
|
| 700 |
1 |
|
|a Stagno, Bruno
|4 edt
|9 35554
|
| 852 |
|
|
|a GR-PaULI
|b ΠΑΤΡΑ
|b ΑΡΧΙΤΕΚΤΟΝΙΚΗ
|k ΑΣΧΞ-2
|h 720.47 T
|m 002834
|p 025000095822
|t 1
|
| 942 |
|
|
|2 ddc
|c BK15
|
| 952 |
|
|
|0 0
|1 0
|4 0
|6 720_470000000000000_T
|7 0
|9 34133
|a ARCH
|b ARCH
|d 2016-04-24
|i 002834
|l 9
|m 2
|o 720.47 T
|p 025000095822
|r 2025-03-31 16:56:50
|s 2025-03-24
|t 1
|w 2016-04-24
|y BK15
|
| 998 |
|
|
|c Λοτσάρη
|d 2002-12
|
| 999 |
|
|
|c 21894
|d 21894
|